| 000 | 00502nam a2200205Ia 4500 | ||
|---|---|---|---|
| 005 | 20250425162647.0 | ||
| 008 | 250425s9999 xx 000 0 und d | ||
| 020 | _a0801630193 | ||
| 041 | _aeng | ||
| 082 | _a574.929 | ||
| 100 | _aLIND, OWEN T. | ||
| 245 | 0 | _aHANDBOOK OF COMMON METHODS IN LIMNOLOGY | |
| 250 | _aSECOND EDITION | ||
| 260 |
_aEstados Unidos _bTHE C. V. MOSBY COMPANY _c1979 |
||
| 260 | _aNEW YORK | ||
| 300 | _a198 | ||
| 650 | _aLIMNOLOGIA | ||
| 942 | _c01 | ||
| 010 | _a95026 | ||
| 999 |
_c233834 _d233834 |
||